[Event "Wellington Open"]
[Site "Wellington Chess Club"]
[Date "2025.04.19"]
[Round "3.10"]
[White "Zahn, Fabian"]
[Black "Chen, Wei Kai"]
[Result "1-0"]
[WhiteElo "1997"]
[BlackElo "1802"]
[WhiteFideId "24687111"]
[BlackFideId "4304152"]
[EventDate "2025.04.18"]
[SourceDate ""]

1. d4 f5 2. Nc3 Nf6 3. Bg5 e6 4. e4 fxe4 5. Nxe4 Be7 6. Bxf6 Bxf6 7. Nf3 O-O 8.
Bd3 Nc6 9. c3 b6 10. h4 d5 11. Neg5 h6 12. Nh7 e5 13. Nxf8 Qxf8 14. Bb5 Nxd4
15. Nxd4 exd4 16. O-O Qc5 17. Qe2 Bf5 18. cxd4 Qxd4 19. Rad1 Qxb2 20. Qxb2 Bxb2
21. Bc6 Rf8 22. Bxd5+ Kh7 23. Bc4 Be5 24. Rd5 Bd6 25. Rxf5 Rxf5 26. Bd3 g6 27.
Bxf5 gxf5 28. Rd1 Kg6 29. g3 Kf6 30. Kf1 a5 31. Ke2 Ke6 32. h5 b5 33. Kf3 b4
34. g4 fxg4+ 35. Kxg4 a4 36. f4 b3 37. axb3 a3 38. Rd2 Kf6 39. Rd5 Ke6 40. Ra5
Kf6 41. Ra6 Ke6 42. b4 Kf6 43. Rxa3 Bxb4 44. Ra6+ Bd6 45. Kf3 Kf5 46. Ra5+ Kf6
47. Ke4 Ke6 48. Ra8 Kf6 49. Rg8 Kf7 50. Rg6 Bf8 51. Kf5 c5 52. Rc6 Kg8 53. Kg6
1-0

[Event "Wellington Open"]
[Site "Wellington Chess Club"]
[Date "2025.04.19"]
[Round "3.11"]
[White "Sethuramalingam, Karthik"]
[Black "Cummings, Nick"]
[Result "1-0"]
[WhiteElo "1807"]
[BlackElo "1939"]
[WhiteFideId "4320964"]
[BlackFideId "4301218"]
[EventDate "2025.04.18"]
[SourceDate ""]

1. d4 c5 2. d5 e5 3. e4 d6 4. a4 a6 5. Ne2 Nf6 6. Nec3 Be7 7. Nd2 O-O 8. Nc4
Nbd7 9. Be2 Ne8 10. Bg4 g6 11. Bh6 Ng7 12. h4 Nf6 13. Bxc8 Rxc8 14. Qf3 Rb8 15.
a5 Re8 16. g4 Qc8 17. Nxd6 Bxd6 18. Qxf6 Bf8 19. Rg1 c4 20. Na4 Nh5 21. gxh5
Bxh6 22. hxg6 fxg6 23. h5 Rf8 24. Qxe5 Re8 25. Qd4 Bg7 26. Qe3 Qd8 27. hxg6 Qh4
28. gxh7+ Kh8 29. Nc5 Bxb2 30. Rb1 Bg7 31. Ne6 Be5 32. Ke2 Rxe6 33. dxe6 Qf6
34. Qg5 Qxe6 35. Rxb7 Re8 36. Qg8+ Rxg8 37. Rxg8+ 1-0

[Event "Wellington Open"]
[Site "Wellington Chess Club"]
[Date "2025.04.19"]
[Round "3.12"]
[White "Yang, Edison J"]
[Black "Benitez, Edgar"]
[Result "0-1"]
[WhiteElo "1573"]
[BlackElo "1833"]
[WhiteFideId "4317432"]
[BlackFideId "4301315"]
[EventDate "2025.04.18"]
[SourceDate ""]

1. e3 e5 2. d4 e4 3. c4 c6 4. Nc3 Nf6 5. Qc2 d5 6. Qb3 Be7 7. Nh3 Na6 8. cxd5
cxd5 9. Bxa6 bxa6 10. Nf4 O-O 11. Nfxd5 Be6 12. Nxe7+ Qxe7 13. Qd1 Bc4 14. Ne2
Qb4+ 15. Qd2 Qb5 16. b3 Bd3 17. Nf4 Rac8 18. Nxd3 exd3 19. O-O Rc2 20. Qd1 Rfc8
21. Bd2 Ne4 22. Be1 d2 23. Bxd2 Nxd2 24. Re1 Ne4 25. f3 Rd2 26. Rc1 Rd8 27.
fxe4 Rxd1 28. Rcxd1 0-1

[Event "Wellington Open"]
[Site "Wellington Chess Club"]
[Date "2025.04.19"]
[Round "3.14"]
[White "Wang, Justin Zhide"]
[Black "Wen, Sandy"]
[Result "1-0"]
[WhiteElo "1960"]
[BlackElo "1504"]
[WhiteFideId "4312830"]
[BlackFideId "4317890"]
[EventDate "2025.04.18"]
[SourceDate ""]

1. d4 Nf6 2. Bf4 d5 3. e3 e6 4. Nf3 Be7 5. Nbd2 Nbd7 6. c3 c6 7. Bd3 b5 8. O-O
Nh5 9. Be5 Nxe5 10. Nxe5 Nf6 11. Nxc6 Qb6 12. Nxe7 Kxe7 13. e4 b4 14. e5 Nd7
15. Qg4 g6 16. c4 Bb7 17. c5 Qc7 18. Rac1 Bc6 19. f4 Rag8 20. Qh4+ Ke8 21. Qh6
Qa5 22. Ra1 Nb8 23. Nb3 Qc7 24. Kh1 a5 25. g4 a4 26. Nd2 Bd7 27. Nf3 Nc6 28.
Bb5 Nxe5 29. fxe5 Bxb5 30. Rf2 Qe7 31. Ng5 Qf8 32. Qh4 f5 33. exf6 Kd7 34. Nxe6
Kxe6 35. Re1+ Kd7 36. f7 Rg7 37. Qf6 Bd3 38. Qe6+ Kc7 39. Qb6+ Kd7 40. Qb7+ Kd8
41. Re8+ 1-0

[Event "Wellington Open"]
[Site "Wellington Chess Club"]
[Date "2025.04.19"]
[Round "3.17"]
[White "Charles, Dion"]
[Black "Swinburne, McKenzie S E (Zion)"]
[Result "1-0"]
[WhiteElo "1819"]
[BlackElo "1423"]
[WhiteFideId "4305981"]
[BlackFideId "0"]
[EventDate "2025.04.18"]
[SourceDate ""]

1. e4 c5 2. c3 e6 3. d4 Nf6 4. e5 Nd5 5. Nf3 Nc6 6. c4 Ndb4 7. d5 Na5 8. a3 Na6
9. Bd2 b6 10. Bd3 d6 11. b4 Nxc4 12. Bxc4 Nc7 13. Bg5 Qd7 14. dxe6 Nxe6 15. Nc3
a6 16. O-O h6 17. Bh4 Nf4 18. Nd5 Nxd5 19. Bxd5 Ra7 20. Re1 g5 21. exd6+ Kd8
22. Ne5 Qf5 23. Nc6+ Kd7 24. Nxa7 gxh4 25. Bc6+ Kd8 26. Re8# 1-0

[Event "Wellington Open"]
[Site "Wellington Chess Club"]
[Date "2025.04.19"]
[Round "3.19"]
[White "Ha, Timothy Huy Minh"]
[Black "Shannon, Toby"]
[Result "1-0"]
[WhiteElo "1751"]
[BlackElo "1405"]
[WhiteFideId "12417246"]
[BlackFideId "9999980"]
[EventDate "2025.04.18"]
[SourceDate ""]

1. d4 Nf6 2. Nf3 g6 3. g3 Bg7 4. Bg2 O-O 5. O-O d5 6. c4 c6 7. cxd5 cxd5 8. Nc3
Bf5 9. Qb3 b6 10. Ne5 Be6 11. Bf4 Re8 12. Rac1 Na6 13. Nb5 Rc8 14. Nxa7 Rxc1
15. Rxc1 Bd7 16. Nac6 Bxc6 17. Nxc6 Qd7 18. Qxb6 Ra8 19. Ne5 Qd8 20. Qxd8+ Rxd8
21. Nc6 Re8 22. b4 Nd7 23. b5 Nab8 24. Nxb8 Nxb8 25. e3 e6 26. a4 Nd7 27. a5
Ra8 28. Rc7 e5 29. dxe5 Nxe5 30. Bxd5 Rxa5 31. Rc8+ 1-0

[Event "Wellington Open"]
[Site "Wellington Chess Club"]
[Date "2025.04.19"]
[Round "3.22"]
[White "Thingbaijam, Conan"]
[Black "Malcolm, Aidan"]
[Result "0-1"]
[WhiteElo "1273"]
[BlackElo "1732"]
[WhiteFideId "4326792"]
[BlackFideId "4315073"]
[EventDate "2025.04.18"]
[SourceDate ""]

1. e4 e5 2. Nf3 d5 3. exd5 Nf6 4. Nxe5 Qxd5 5. Nf3 Bg4 6. Nc3 Qh5 7. Be2 Nc6 8.
d3 O-O-O 9. Be3 Bb4 10. O-O Bxc3 11. bxc3 Rhe8 12. Rb1 Ne5 13. c4 Nxc4 0-1

[Event "Wellington Open"]
[Site "Wellington Chess Club"]
[Date "2025.04.19"]
[Round "3.23"]
[White "Keith, Matthew"]
[Black "Annamalai, Karthikeyan"]
[Result "1-0"]
[WhiteElo "1725"]
[BlackElo "1279"]
[WhiteFideId "4320913"]
[BlackFideId "9999985"]
[EventDate "2025.04.18"]
[SourceDate ""]

1. e4 c6 2. d4 d5 3. e5 c5 4. dxc5 Bf5 5. Nf3 e6 6. Bb5+ Nc6 7. Nd4 Rc8 8.
Bxc6+ bxc6 9. Nxf5 exf5 10. b4 Rb8 11. c3 a5 12. a3 Qc7 13. O-O Be7 14. Re1 f6
15. Bf4 g5 16. Qh5+ Kd8 17. exf6 gxf4 18. fxe7+ Nxe7 19. Nd2 d4 20. Nc4 dxc3
21. Rad1+ Nd5 22. Nd6 Qd7 23. Qg5+ Kc7 24. Rxd5 cxd5 25. Re7 c2 26. Rxd7+ Kc6
27. Qxf4 Rhe8 28. Nxe8 Rxe8 29. Rd6+ Kb5 30. Rb6+ Ka4 31. bxa5+ Re4 32. Rb4+
Kxa3 33. Rxe4 Kb2 34. Re1 1-0

[Event "Wellington Open"]
[Site "Wellington Chess Club"]
[Date "2025.04.19"]
[Round "3.25"]
[White "Winsley, Daniel"]
[Black "Ravi, Vrajesh"]
[Result "1-0"]
[WhiteElo "1694"]
[BlackElo "847"]
[WhiteFideId "4315138"]
[BlackFideId "4326407"]
[EventDate "2025.04.18"]
[SourceDate ""]

1. e4 e5 2. Nf3 Nc6 3. Bb5 a6 4. Ba4 b5 5. Bb3 Nf6 6. O-O Bc5 7. Nxe5 Nxe5 8.
d4 Bb6 9. dxe5 Nxe4 10. Qd5 O-O 11. Qxe4 c6 12. Bf4 Bc7 13. Nd2 d6 14. exd6
Bxd6 15. Bxd6 Qxd6 16. Rad1 Qf6 17. Rfe1 Bd7 18. Qe7 Qxe7 19. Rxe7 Ra7 20. Ne4
Bg4 21. Rxa7 Bxd1 22. f3 Be2 23. Nd6 b4 24. Nxf7 Bb5 25. c4 Bxc4 26. Bxc4 a5
27. Rxa5 Rxf7 28. Ra8# 1-0

[Event "Wellington Open"]
[Site "Wellington Chess Club"]
[Date "2025.04.19"]
[Round "3.33"]
[White "Pammi, Karun Krishna"]
[Black "Ashe, Michael"]
[Result "0-1"]
[WhiteElo "1054"]
[BlackElo "1666"]
[WhiteFideId "9999988"]
[BlackFideId "4310462"]
[EventDate "2025.04.18"]
[SourceDate ""]

1. e4 c6 2. d4 d5 3. e5 c5 4. c3 Nc6 5. Bb5 Qb6 6. a4 cxd4 7. cxd4 Bd7 8. Bxc6
bxc6 9. Nf3 Bg4 10. Nc3 Bxf3 11. gxf3 e6 12. Rg1 a5 13. Rb1 Ne7 14. Be3 Nf5 15.
b3 Bb4 16. Qd3 g6 17. Ke2 Qa6 18. Rgd1 Bxc3 19. Rbc1 Bb4 20. Kf1 Kd7 21. Kg1
Qxd3 22. Rxd3 Rhc8 23. Bg5 c5 24. dxc5 Rxc5 25. Rxc5 Bxc5 26. Bd2 Nd4 27. f4
Nc6 28. Rc3 Bb4 29. Rc2 Nd4 30. Rc1 Ne2+ 31. Kf1 Nxc1 32. Bxc1 Rc8 33. Bb2 Rc2
34. Bd4 Bc5 35. Bxc5 Rxc5 36. Ke1 Rc3 37. b4 axb4 38. a5 Kc7 39. h4 h5 40. Kd1
b3 41. a6 b2 42. Kd2 Rc4 43. a7 Kb7 44. a8=Q+ Kxa8 45. Ke3 b1=Q 46. Kf3 Qe4+
47. Kg3 Rc3+ 48. Kh2 Qxf4+ 49. Kg1 Qg4+ 50. Kf1 Rc1# 0-1

[Event "Wellington Open"]
[Site "Wellington Chess Club"]
[Date "2025.04.19"]
[Round "4.1"]
[White "Chang, Luke"]
[Black "Hague, Ben"]
[Result "0-1"]
[WhiteElo "2025"]
[BlackElo "2333"]
[WhiteFideId "4325605"]
[BlackFideId "405647"]
[EventDate "2025.04.18"]
[SourceDate ""]

1. d4 d5 2. c4 dxc4 3. Nf3 Nf6 4. e3 Bg4 5. Bxc4 e6 6. O-O Bd6 7. h3 Bh5 8. Nc3
Nc6 9. Be2 a6 10. b3 O-O 11. Bb2 Qe7 12. Ne1 Bxe2 13. Qxe2 Rfe8 14. Rd1 Rad8
15. e4 e5 16. d5 Nd4 17. Qd3 c5 18. dxc6 Nxc6 19. Nd5 Nxd5 20. exd5 Nb4 21. Qb1
Bc5 22. Nd3 Rxd5 23. Nxb4 Rxd1 24. Rxd1 Bxb4 25. Qd3 h6 26. Qf5 Bd6 27. Rd5 Qe6
28. Qd3 Bc7 29. Rd7 Qc6 30. Qf5 Rf8 31. Ba3 g6 32. Qd3 Re8 33. Bb2 Bb6 34. Rd6
e4 35. Qc3 Qxc3 36. Bxc3 Bc5 37. Rd5 b6 38. Bd4 Bxd4 39. Rxd4 Re6 40. Kf1 Kg7
41. Ke2 f5 42. Rd7+ Kf6 43. Ra7 a5 44. Rh7 Rc6 45. Rb7 Ke5 46. Kd2 Rd6+ 47. Ke2
Kd4 48. Rc7 f4 49. Rc8 g5 50. Rc4+ Kd5 51. Rc8 Rc6 52. Rd8+ Kc5 53. a3 Re6 54.
Rd1 e3 55. Rc1+ Kd4 56. Rc4+ Kd5 57. Rc3 exf2+ 58. Kxf2 Kd4 59. Rc4+ Kd3 60. h4
Re2+ 61. Kf3 Re3+ 62. Kf2 Kd2 63. b4 Rxa3 64. bxa5 bxa5 65. h5 Rd3 66. Rc6 g4
67. Rxh6 g3+ 68. Kf1 Rd5 69. Rh8 a4 70. h6 Rh5 71. Rd8+ Kc2 72. Rh8 a3 73. h7
a2 74. Rc8+ Kd3 75. Rd8+ Ke4 76. Re8+ Kf5 77. Ra8 Rxh7 78. Rxa2 Rh1+ 79. Ke2
Rg1 80. Kd3 Kg4 81. Ke4 Re1+ 82. Kd3 f3 83. Ra4+ Kf5 0-1

[Event "Wellington Open"]
[Site "Wellington Chess Club"]
[Date "2025.04.19"]
[Round "4.2"]
[White "Croad, Nicolas"]
[Black "Wilson, Dion A"]
[Result "1-0"]
[WhiteElo "2173"]
[BlackElo "1867"]
[WhiteFideId "4300793"]
[BlackFideId "4321413"]
[EventDate "2025.04.18"]
[SourceDate ""]

1. d4 Nf6 2. c4 e6 3. Nc3 Bb4 4. e3 b6 5. Ne2 Bb7 6. a3 Bxc3+ 7. Nxc3 d5 8.
cxd5 Nxd5 9. Qg4 O-O 10. Bd3 f5 11. Qh3 Rf6 12. f3 Rh6 13. Qg3 Rg6 14. Qf2 Nxc3
15. bxc3 Nd7 16. O-O Ne5 17. Be2 Nf7 18. Kh1 Qd6 19. Bd2 Rh6 20. Qg1 g5 21. h3
Kh8 22. Qh2 Qe7 23. e4 f4 24. c4 Rg8 25. Bc3 g4 26. fxg4 Ng5 27. d5+ e5 28.
Qxf4 1-0

[Event "Wellington Open"]
[Site "Wellington Chess Club"]
[Date "2025.04.19"]
[Round "4.3"]
[White "Archer, Ollie"]
[Black "Young, Cohen"]
[Result "1-0"]
[WhiteElo "2021"]
[BlackElo "2041"]
[WhiteFideId "4317262"]
[BlackFideId "4317440"]
[EventDate "2025.04.18"]
[SourceDate ""]

1. d4 Nf6 2. c4 e6 3. Nf3 d5 4. Nc3 dxc4 5. e4 Bb4 6. Bxc4 Nxe4 7. O-O Nf6 8.
Qa4+ Nc6 9. Ne5 a5 10. Nxc6 bxc6 11. Qxc6+ Bd7 12. Qf3 O-O 13. Bg5 Be7 14. Rad1
Rb8 15. b3 Nd5 16. Bxe7 Nxe7 17. d5 exd5 18. Nxd5 Nf5 19. Bd3 g6 20. Bxf5 Bxf5
21. Qc3 1-0

[Event "Wellington Open"]
[Site "Wellington Chess Club"]
[Date "2025.04.19"]
[Round "4.4"]
[White "Somaraju, Sai Vivan Karthikeya"]
[Black "Ker, Anthony F"]
[Result "0-1"]
[WhiteElo "1910"]
[BlackElo "2212"]
[WhiteFideId "110033474"]
[BlackFideId "4300084"]
[EventDate "2025.04.18"]
[SourceDate ""]

1. d4 Nf6 2. c4 e6 3. Nc3 Bb4 4. f3 d5 5. a3 Be7 6. e4 dxe4 7. fxe4 e5 8. d5
Bc5 9. Be2 Ng4 10. Bxg4 Qh4+ 11. g3 Qxg4 12. Qxg4 Bxg4 13. Nb5 Kd7 14. b4 Bd4
15. Nxd4 exd4 16. h3 Bh5 17. g4 Bg6 18. Nf3 Re8 19. O-O a5 20. b5 Rxe4 21. Bb2
Kd6 22. Ng5 Re7 23. Bxd4 h6 24. c5+ Kxd5 25. Rad1 Kc4 26. Nf3 f6 27. a4 Re2 28.
Bf2 Bd3 29. Rfe1 c6 30. Rxe2 Bxe2 31. Rd4+ Kb3 32. Nd2+ Kc2 33. Nc4 Bxc4 34.
Rxc4+ Kb3 35. Rd4 cxb5 36. axb5 a4 37. Rd8 a3 38. Bd4 a2 39. Ba1 Ra5 40. Rxb8
Rxb5 41. Bd4 Kc4 42. Ra8 Kxd4 43. Rxa2 Kxc5 44. Kf2 Rb3 45. h4 Rh3 46. Kg2 Rxh4
47. Rc2+ Kb6 48. Rb2+ Ka7 49. Ra2+ Kb8 50. Ra4 h5 0-1

[Event "Wellington Open"]
[Site "Wellington Chess Club"]
[Date "2025.04.19"]
[Round "4.5"]
[White "Dive, Russell J"]
[Black "Zahn, Fabian"]
[Result "1-0"]
[WhiteElo "2165"]
[BlackElo "1997"]
[WhiteFideId "4300106"]
[BlackFideId "24687111"]
[EventDate "2025.04.18"]
[SourceDate ""]

1. Nf3 Nf6 2. c4 e6 3. g3 b6 4. Bg2 Bb7 5. O-O Be7 6. b3 O-O 7. Bb2 c5 8. e3 d6
9. d4 Qc7 10. Nc3 a6 11. Qe2 cxd4 12. exd4 Re8 13. Rac1 Nbd7 14. Rfe1 Bf8 15.
Qd3 h6 16. a4 Rac8 17. h3 Qb8 18. Nh4 Bxg2 19. Nxg2 Qb7 20. Ne3 Qf3 21. Qd1
Qxd1 22. Rexd1 g6 23. Kg2 Rc7 24. f4 Rec8 25. Kf3 Bg7 26. g4 Kh7 27. h4 Bf8 28.
g5 Nh5 29. Ng4 f5 30. Nf2 Re8 31. Nd3 Rcc8 32. Rd2 Bg7 33. Nb4 Nb8 34. Re1 Kg8
35. Ra1 Kf7 36. a5 bxa5 37. Rxa5 Nc6 38. Nxc6 Rxc6 39. d5 Rb6 40. dxe6+ Rxe6
41. Ra3 hxg5 42. hxg5 Rc6 43. Nd5 Bxb2 44. Rxb2 Re1 45. Ra4 Rg1 46. Rg2 Rb1 47.
Rb4 Rc8 48. Ra2 Ra8 49. Rb7+ Kf8 50. Nf6 Rf1+ 51. Ke3 Re1+ 52. Kd4 Nxf4 53. Rh2
Nh5 54. Nxh5 gxh5 55. Rxh5 Kg8 56. Rh6 Rd1+ 57. Kc3 Rg1 58. Rg6+ Kh8 59. Rf7 a5
60. Rxf5 Rg3+ 61. Kb2 a4 62. bxa4 Rxa4 63. Rf4 Rb4+ 64. Kc2 Kh7 65. Rxd6 Rxg5
66. Rf7+ Kg8 67. Rc7 Rb8 68. Kc3 Rg3+ 69. Kd4 Kf8 70. c5 Ke8 71. Rh7 Rg8 72. c6
Rg4+ 73. Kc5 Rg5+ 74. Rd5 Rxd5+ 75. Kxd5 Rb1 76. Rh8+ Ke7 77. c7 Rd1+ 78. Ke4
1-0

[Event "Wellington Open"]
[Site "Wellington Chess Club"]
[Date "2025.04.19"]
[Round "4.6"]
[White "Benitez, Edgar"]
[Black "Winter, Ryan"]
[Result "0-1"]
[WhiteElo "1833"]
[BlackElo "2050"]
[WhiteFideId "4301315"]
[BlackFideId "4306295"]
[EventDate "2025.04.18"]
[SourceDate ""]

1. e4 c6 2. c3 d5 3. e5 Bf5 4. Nf3 e6 5. d4 Nd7 6. Bd3 Ne7 7. Bg5 Bxd3 8. Qxd3
Qb6 9. Nbd2 c5 10. O-O cxd4 11. cxd4 Nf5 12. g4 Ne7 13. Be3 h5 14. g5 Nf5 15.
Bf4 Nb8 16. Nb3 Be7 17. Rfc1 Nc6 18. a3 O-O 19. Nc5 Rfc8 20. b4 a5 21. Rab1
axb4 22. Bd2 Rxa3 23. Qxa3 bxa3 24. Rxb6 Ncxd4 25. Nxd4 Nxd4 26. Rd1 Bxc5 27.
Rxb7 Ra8 28. Ra1 Nf3+ 29. Kg2 Nxd2 30. f3 Nc4 31. f4 a2 0-1

[Event "Wellington Open"]
[Site "Wellington Chess Club"]
[Date "2025.04.19"]
[Round "4.7"]
[White "Baker, Ilias Angelo (Leo)"]
[Black "Sethuramalingam, Karthik"]
[Result "1-0"]
[WhiteElo "1947"]
[BlackElo "1807"]
[WhiteFideId "4311116"]
[BlackFideId "4320964"]
[EventDate "2025.04.18"]
[SourceDate ""]

1. Nf3 d5 2. g3 Nf6 3. Bg2 e6 4. c4 Be7 5. d4 O-O 6. Nc3 dxc4 7. Ne5 c5 8. dxc5
Qc7 9. Nxc4 Bxc5 10. Qb3 Nc6 11. Bf4 e5 12. Bg5 Ng4 13. O-O Be6 14. Nd5 Qd7 15.
Qd3 Nd4 16. b4 Bxd5 17. bxc5 Bxg2 18. Kxg2 Qd5+ 19. e4 Qxc5 20. h3 h6 21. Bh4
Nf6 22. Bxf6 gxf6 23. Ne3 Qc6 24. Nd5 Qd6 25. f4 Kg7 26. fxe5 fxe5 27. Rf6 Qxf6
28. Nxf6 Kxf6 29. Rf1+ Kg7 30. Qd1 Kh7 31. Qg4 Rac8 32. Rxf7+ Rxf7 33. Qxc8 Nc6
34. Qe6 Kg7 35. h4 Re7 36. Qg4+ Kh7 37. Qf5+ Kh8 38. Qf6+ Kh7 39. g4 Rg7 40.
Kh2 Re7 41. Kh3 Rg7 42. Qf5+ Kg8 43. Qe6+ Kh7 44. a3 Re7 45. Qf5+ Kg7 46. h5
Kh8 47. Qf6+ 1-0

[Event "Wellington Open"]
[Site "Wellington Chess Club"]
[Date "2025.04.19"]
[Round "4.8"]
[White "Levesque, Guillaume"]
[Black "Keith, Matthew"]
[Result "0-1"]
[WhiteElo "1998"]
[BlackElo "1725"]
[WhiteFideId "20698330"]
[BlackFideId "4320913"]
[EventDate "2025.04.18"]
[SourceDate ""]

1. d4 d5 2. c4 e6 3. Nc3 Nf6 4. cxd5 exd5 5. Bg5 Be7 6. e3 c6 7. Bd3 Nbd7 8.
Qc2 Nf8 9. Nge2 Ne6 10. Bh4 g6 11. O-O O-O 12. Rad1 Ng7 13. f3 a5 14. Bf2 Bd7
15. Kh1 Rc8 16. Qd2 Nfe8 17. e4 Nc7 18. Bb1 f5 19. a3 fxe4 20. fxe4 dxe4 21.
Nxe4 Nd5 22. N2c3 Nxc3 23. Qxc3 Be6 24. Nc5 Bxc5 25. dxc5 Qg5 26. Qe3 Qxe3 27.
Bxe3 Rxf1+ 28. Rxf1 Rd8 29. Kg1 Nf5 30. Bg5 Rd4 31. Re1 Kf7 32. h3 h5 33. Kf2
Rc4 34. Rc1 Rd4 35. Re1 Rc4 36. Re5 Rd4 37. Re4 Bd5 38. Re5 Be6 39. Re4 Bd5 40.
Rxd4 Nxd4 41. b4 Nb5 42. Bc1 axb4 43. axb4 Nc3 44. Bc2 Be4 45. Bxe4 Nxe4+ 46.
Ke3 Nf6 47. Kd4 Ke6 48. Bd2 Kf5 49. g3 Nd5 50. b5 Nc7 51. bxc6 bxc6 52. Kc4 Ke4
53. Bf4 Nd5 54. Bd6 g5 55. g4 hxg4 56. hxg4 Kf3 57. Kd4 Kxg4 58. Ke5 Kf3 59.
Ke6 g4 60. Kd7 Nb4 61. Be5 Ke4 62. Bg3 Kd5 63. Bf2 Nd3 0-1

[Event "Wellington Open"]
[Site "Wellington Chess Club"]
[Date "2025.04.19"]
[Round "4.9"]
[White "Tan, Jin"]
[Black "Wang, Justin Zhide"]
[Result "0-1"]
[WhiteElo "1614"]
[BlackElo "1960"]
[WhiteFideId "4320972"]
[BlackFideId "4312830"]
[EventDate "2025.04.18"]
[SourceDate ""]

1. e4 e6 2. d4 d5 3. e5 c5 4. c3 Nc6 5. Nf3 Qb6 6. Be2 cxd4 7. cxd4 Nge7 8. Nc3
Nf5 9. Bb5 Bb4 10. Qd3 Bd7 11. Be3 Bxc3+ 12. bxc3 Nxe5 13. Bxd7+ Nxd7 14. O-O
Nd6 15. Bf4 Nc4 16. Nd2 Nxd2 17. Qxd2 O-O 18. Rac1 Qc6 19. Qd3 Nb6 20. Rb1 Rac8
21. Rfc1 Nc4 22. Rb3 f6 23. Qg3 Kh8 24. Rcb1 b6 25. h3 Rce8 26. Re1 g5 27. Bc1
Nd6 28. Ba3 Nf5 29. Qd3 Rf7 30. Qb5 Qc8 31. Kh1 Rc7 32. Bb2 Rc4 33. Rb4 Rc6 34.
Qd3 Nd6 35. Rb3 Kg7 36. Kg1 a5 37. Ba1 Nc4 38. Kf1 Qa6 39. Kg1 Qc8 40. Kh1 Nd6
41. Kg1 Qc7 42. Re3 Nf5 43. Re1 Nh4 44. Qe2 Ng6 45. Qd3 e5 46. Qb5 Rce6 47.
Qxd5 Nf4 48. Qf3 exd4 49. Rxe6 Rxe6 50. Bb2 d3 51. c4 d2 52. Re3 Rd6 53. Qd1
Qxc4 54. g3 Nxh3+ 55. Kg2 g4 56. Rc3 Qe4+ 57. f3 gxf3+ 58. Kxh3 Qe6+ 59. g4 Qe2
60. Rc7+ Kg6 61. Qc2+ Qd3 62. Rg7+ Kxg7 0-1

[Event "Wellington Open"]
[Site "Wellington Chess Club"]
[Date "2025.04.19"]
[Round "4.10"]
[White "Qu, Lucas"]
[Black "Timergazi, Layla"]
[Result "0-1"]
[WhiteElo "1593"]
[BlackElo "1946"]
[WhiteFideId "4314620"]
[BlackFideId "4303733"]
[EventDate "2025.04.18"]
[SourceDate ""]

1. e4 c6 2. d4 d5 3. exd5 cxd5 4. Bd3 Nc6 5. c3 g6 6. h3 Bg7 7. Be3 Nf6 8. Nd2
Bf5 9. Bxf5 gxf5 10. Qc2 e6 11. Ngf3 Rc8 12. a3 Ne4 13. Qb1 a6 14. Qd1 b5 15.
Nxe4 dxe4 16. Nd2 e5 17. dxe5 Nxe5 18. O-O Nd3 19. Rb1 Qh4 20. f3 Qg3 21. Bf2
Nxf2 22. Rxf2 Bf8 23. Nb3 e3 24. Re2 Bd6 25. Rxe3+ Kf8 26. Kf1 Rg8 27. Qe2 Bf4
28. Rd3 Re8 29. Qf2 Qg5 30. g4 fxg4 31. hxg4 Be3 32. Qh2 Rg6 33. Re1 h5 34. f4
Qxg4 35. Rdxe3 Rxe3 36. Rxe3 Qd1+ 37. Re1 Qf3+ 38. Qf2 Qh3+ 39. Ke2 Rg2 40. Rf1
Qe6+ 41. Kd3 Rxf2 42. Rxf2 Qxb3 43. Ke3 h4 44. Kf3 Qd1+ 45. Kg2 Qg4+ 46. Kf1 h3
47. b4 Qd1# 0-1

[Event "Wellington Open"]
[Site "Wellington Chess Club"]
[Date "2025.04.19"]
[Round "4.11"]
[White "Winsley, Nicholas"]
[Black "List, Robert"]
[Result "1-0"]
[WhiteElo "1946"]
[BlackElo "1706"]
[WhiteFideId "4315146"]
[BlackFideId "4303490"]
[EventDate "2025.04.18"]
[SourceDate ""]

1. e4 e6 2. d4 b6 3. g3 Bb7 4. Bg2 Nf6 5. Nd2 c5 6. d5 exd5 7. exd5 Bxd5 8.
Bxd5 Nxd5 9. Nc4 Qe7+ 10. Ne2 Qe4 11. O-O Qxc4 12. b3 Nc3 13. bxc4 Nxd1 14.
Rxd1 Nc6 15. Bb2 f6 16. Nf4 O-O-O 17. Bc3 Be7 18. Nd5 Rhe8 19. a4 d6 20. a5
bxa5 21. Bxa5 Rd7 22. Bd2 Bd8 23. Kf1 Ne5 24. Ra4 Nc6 25. Bf4 Re6 26. g4 Rb7
27. Ne3 Bc7 28. Nf5 Nd4 29. Nxg7 Re4 30. Bg3 Rxg4 31. Ne8 f5 32. Bxd6 Ne6 33.
Bxc7 Nxc7 34. Nd6+ Kb8 35. Nxb7 Kxb7 36. Rd7 h5 37. Rf7 Rf4 38. Ke2 a6 39. Ke3
Re4+ 40. Kf3 Rh4 41. Rxf5 Rxh2 42. Rxc5 1-0

[Event "Wellington Open"]
[Site "Wellington Chess Club"]
[Date "2025.04.19"]
[Round "4.12"]
[White "Ashton, Matthew"]
[Black "Winsley, Daniel"]
[Result "1/2-1/2"]
[WhiteElo "1873"]
[BlackElo "1694"]
[WhiteFideId "4313003"]
[BlackFideId "4315138"]
[EventDate "2025.04.18"]
[SourceDate ""]

1. e4 e6 2. d4 d5 3. Nc3 dxe4 4. Nxe4 Bd7 5. Nf3 Bc6 6. Bd3 Nd7 7. c3 Ngf6 8.
Qe2 Nxe4 9. Bxe4 Bxe4 10. Qxe4 c6 11. Bf4 Be7 12. O-O O-O 13. Rfe1 Nf6 14. Qc2
Nd5 15. Bg3 b5 16. Ne5 Rc8 17. Rad1 Bg5 18. Nd3 Re8 19. Nc5 Qf6 20. Be5 Qh6 21.
Ne4 Be7 22. Rd3 f6 23. Bg3 Qg6 24. Rd2 Rcd8 25. f4 a5 26. Nf2 Qxc2 27. Rxc2 Bd6
28. Nd3 Kf7 29. Rf2 Ne7 30. Ne5+ Kg8 31. Ng4 Nf5 32. Rfe2 h5 33. Ne3 Nxg3 34.
hxg3 Kf7 35. Kf2 c5 36. Rd1 cxd4 37. Rxd4 Bc5 38. Rdd2 e5 39. f5 e4 40. Ke1 Rd3
41. Nf1 Re5 42. Rxd3 exd3 43. Rxe5 fxe5 44. Nd2 Be3 45. Ne4 Ke7 46. b3 Kd7 47.
c4 bxc4 48. bxc4 Kc6 49. a4 Kb6 50. Kd1 Kc6 51. Ke1 d2+ 52. Ke2 Kb6 53. Kd1 Kc6
54. Ke2 Kb6 55. Kd1 Kc6 1/2-1/2

[Event "Wellington Open"]
[Site "Wellington Chess Club"]
[Date "2025.04.19"]
[Round "4.13"]
[White "Wang, Leon"]
[Black "Charles, Dion"]
[Result "0-1"]
[WhiteElo "1323"]
[BlackElo "1819"]
[WhiteFideId "4329031"]
[BlackFideId "4305981"]
[EventDate "2025.04.18"]
[SourceDate ""]

1. e4 e5 2. Nf3 Nc6 3. Bc4 Bc5 4. d3 h6 5. O-O Nf6 6. c3 O-O 7. Nbd2 d6 8. h3
Be6 9. Bxe6 fxe6 10. Qb3 Qe8 11. Qxb7 Rb8 12. Qa6 Nh5 13. Kh2 Rf6 14. b4 Bb6
15. a4 Qg6 16. a5 Bxf2 17. Rxf2 Qg3+ 18. Kg1 Nf4 19. Kf1 Rbf8 20. Qc4 Ne7 21.
Ke1 Nxg2+ 22. Ke2 Rxf3 23. Nxf3 Rxf3 24. Rxf3 Qe1# 0-1

[Event "Wellington Open"]
[Site "Wellington Chess Club"]
[Date "2025.04.19"]
[Round "4.14"]
[White "Lu, Xiahan (Luna)"]
[Black "Thirkell, Zachary"]
[Result "0-1"]
[WhiteElo "1808"]
[BlackElo "1649"]
[WhiteFideId "4317076"]
[BlackFideId "4322207"]
[EventDate "2025.04.18"]
[SourceDate ""]

1. d4 d5 2. Nc3 Nf6 3. Bf4 a6 4. e3 Bf5 5. Nf3 e6 6. Bd3 Bg6 7. O-O c5 8. Ne5
Nc6 9. Nxc6 bxc6 10. Be5 Nd7 11. Bg3 Be7 12. dxc5 Nxc5 13. Bxg6 hxg6 14. Qd4
Nd7 15. e4 O-O 16. Rfe1 Re8 17. Qa4 Qc8 18. Rad1 Nb6 19. Qd4 c5 20. Qd3 d4 21.
Ne2 Rd8 22. Qf3 Nc4 23. Qb3 Na5 24. Qa4 Nc6 25. Nf4 g5 26. Nd3 Qb7 27. c3 Qb5
28. Qxb5 axb5 29. cxd4 Rxd4 30. a3 Rad8 31. Re3 c4 32. Bc7 R8d7 33. Bb6 Rxd3
34. Rexd3 Rxd3 35. Rxd3 cxd3 36. Be3 Nd4 37. Kf1 Nb3 38. Ke1 f5 39. exf5 exf5
40. g3 Bf6 41. Kd1 Bxb2 42. Bxg5 Bxa3 43. Be3 Bb2 44. f4 Bc3 45. h3 Na5 0-1

[Event "Wellington Open"]
[Site "Wellington Chess Club"]
[Date "2025.04.19"]
[Round "4.17"]
[White "Malcolm, Aidan"]
[Black "Saglam, Azra Sena"]
[Result "1-0"]
[WhiteElo "1732"]
[BlackElo "1488"]
[WhiteFideId "4315073"]
[BlackFideId "4320956"]
[EventDate "2025.04.18"]
[SourceDate ""]

1. d4 d5 2. e4 dxe4 3. Nc3 Nf6 4. f3 exf3 5. Nxf3 c6 6. Bc4 Bg4 7. Bxf7+ Kxf7
8. Ne5+ Ke8 9. Nxg4 Qd7 10. Ne5 Qd6 11. Bg5 Nbd7 12. Nf3 h6 13. Bd2 e5 14. dxe5
Nxe5 15. Qe2 1-0